00365nam a2200133Ia 4500008004100000020001800041041001200059082001800071100002000089245004500109260003000154300001300184650003400197231221s9999 xx 000 0 und d a81-312-0285-2 aEnglish a910 PAG:1 R aPage, Stephen J 0aTourism management : managing for change c2003bElsevieraNew Delhi axvii+381 aTourism,management,:,managing